| 000 | 01293nam a22003377a 4500 | ||
|---|---|---|---|
| 005 | 20260626125949.0 | ||
| 008 | 260626b2026 ag ||||| |||| 00| 0 spa d | ||
| 020 |
_aTI Sentencia N° 38/26 fecha 19/06/26 _bSEN |
||
| 110 |
_aTribunal de Impugnación _91 |
||
| 245 |
_a"CID LUNA, PEDRO FRANCISCO S/ ABUSO SEXUAL CON ACCESO CARNAL AGRAVADO POR EL VÍNCULO" / _cTribunal de Impugnación |
||
| 300 |
_a54 p. _bpdf |
||
| 518 | _a19/06/26 | ||
| 653 | _aABUSO SEXUAL | ||
| 653 | _aACCESO CARNAL | ||
| 653 | _aAGRAVANTE DEL VÍNCULO | ||
| 653 | _aCONCURSO REAL ART. 55 CP | ||
| 653 | _aPROHIBIIÓN DE DOBLE VALORACIÓN DE UNA MISMA CIRCUNSTANCIA | ||
| 653 | _aARTS. 40 y 41 CP | ||
| 653 | _aPAUTAS MENSURATIVAS DE LA PENA | ||
| 653 | _aPAUTAS DE ORIENTACIÓN EJEMPLIFICATIVAS | ||
| 653 | _aATENUANTE POR CAUSA CIVIL | ||
| 653 | _aCONVENCIÓN INTERAMERICANA DE LOS DERECHOS HUMANOS DE LAS PERSONAS MAYORES DE EDAD | ||
| 653 | _aPRINCIPIO DE LEGALIDAD | ||
| 653 | _aCOSTAS | ||
| 700 |
_aJuan Jose Nazareno Eulogio _942 |
||
| 700 | 1 |
_aRepetto, Andrés _910 |
|
| 700 | 1 |
_aMacagno, Mauricio _9284 |
|
| 774 | _aLEG 239798/22 | ||
| 856 |
_uhttp://jurispenal.jusneuquen.gov.ar/cgi-bin/koha/opac-retrieve-file.pl?id=99161542091a6a11feda450589bbfc17 _ytexto completo |
||
| 942 |
_2ddc _cSEN |
||
| 999 |
_c1305 _d1305 |
||